| 000 | 00375cam a2200169 4500 | ||
|---|---|---|---|
| 001 | D13139 | ||
| 008 | 090401t1946 xxu||||| |||| 00| 0 eng d | ||
| 035 | _a(Sirsi) u7920 | ||
| 041 | _aeng | ||
| 100 | _aKellaway, George P | ||
| 245 | _aMap projects | ||
| 260 |
_aLondon _bMethuen and Co _c1946 |
||
| 350 | _a0 | ||
| 520 | _aShelf 183 | ||
| 942 | _n0 | ||
| 948 | _c04/03/1997 | ||
| 999 |
_c86458 _d86458 |
||